[Event "AUTO-INT-1489"]
[Site "http://www.queenalice.com/game.php?id=758168"]
[Date "2010.4.8"]
[Round "2"]
[White "bigbem"]
[Black "Chessdorf"]
[Result "0-1"]
[WhiteElo "1700"]
[BlackElo "1761"]

1. e4 e6 2. Nf3 c5 3. c4 Nc6 4. d3 g6 5. Nc3 Bg7 6. Qb3 b6 7. Nb5 d6 8. g3 Nge7
9. Bh3 O-O 10. Bf4 e5 11. Bxc8 Rxc8 12. Bg5 f6 13. Be3 f5 14. Ng5 Qd7 15. exf5
Nxf5 16. Bd2 Nfd4 17. Nxd4 Nxd4 18. Qc3 Rf5 19. g4 Rff8 20. Ne4 Qxg4 21. Ng3
Nf3+ 22. Kf1 Nxd2+ 23. Ke1 Nf3+ 24. Kf1 Nd4 25. Re1 Qf3 26. Ne4 Qxh1# 0-1

[Event "AUTO-INT-1489"]
[Site "http://www.queenalice.com/game.php?id=758171"]
[Date "2010.4.8"]
[Round "2"]
[White "MONTENEGRO"]
[Black "bigbem"]
[Result "1-0"]
[WhiteElo "1747"]
[BlackElo "1656"]

1. e4 e5 2. Nf3 d6 3. d4 Bg4 4. dxe5 Bxf3 5. Qxf3 dxe5 6. Bc4 f6 7. Bd2 Qd4 8.
Qb3 Qxe4+ 9. Kf1 Bc5 10. Bxg8 Qf5 11. Qf7+ Kd8 12. Qd5+ Kc8 13. Be6+ Qxe6 14.
Qxe6+ Nd7 15. Nc3 c6 16. Ne4 Kc7 17. Bc3 Rhe8 18. Qf7 g6 19. Nxc5 Rad8 20. Ne6+
Rxe6 21. Qxe6 Nc5 22. Qe7+ Rd7 23. Qxc5 b6 24. Qe3 h5 25. Ke2 Rd5 26. Rad1 Rxd1
27. Rxd1 c5 28. Qd3 Kb7 29. Qd7+ Ka6 30. Qa4+ Kb7 31. Rd7+ Kc8 32. Qc6+ Kb8 33.
Rd8# 1-0

[Event "AUTO-INT-1489"]
[Site "http://www.queenalice.com/game.php?id=758172"]
[Date "2010.4.8"]
[Round "2"]
[White "bigbem"]
[Black "MONTENEGRO"]
[Result "0-1"]
[WhiteElo "1675"]
[BlackElo "1726"]

1. e4 c5 2. c4 e5 3. d3 Nf6 4. Bg5 Be7 5. Nf3 h6 6. Bh4 Nc6 7. Nc3 O-O 8. Be2 d6
9. O-O Bg4 10. h3 Be6 11. a3 Nxe4 12. Bxe7 Qxe7 13. dxe4 Nd4 14. Nxd4 cxd4 15.
Nb1 Qg5 16. Nd2 Bxh3 17. Nf3 Qxg2# 0-1

[Event "QA-ANNIV-04"]
[Site "http://www.queenalice.com/game.php?id=762109"]
[Date "2010.4.16"]
[Round "8"]
[White "captainslog"]
[Black "bigbem"]
[Result "1/2-1/2"]
[WhiteElo "1858"]
[BlackElo "1667"]

1. c4 e5 2. Nc3 Nc6 3. g3 d6 4. Nf3 Bg4 5. Bg2 Nf6 6. d3 Nb4 7. Qa4+ Nc6 8. h3
Bf5 9. Bg5 h6 10. Bxf6 Qxf6 11. Nd5 Qd8 12. O-O Bd7 13. b4 Nd4 14. Qd1 Bc6 15.
Nxd4 exd4 16. b5 Bxd5 17. Bxd5 Qc8 18. Bg2 c5 19. Rb1 Rb8 20. Re1 b6 21. e3 dxe3
22. Rxe3+ Be7 23. Bc6+ Kd8 24. Rb3 a5 25. a4 Qxh3 26. Qe2 Bf6 27. Re8+ Rxe8 28.
Qxe8+ Kc7 29. Qxf7+ Kd8 30. Qf8+ 1/2-1/2

[Event "AUTO-ADV-1772"]
[Site "http://www.queenalice.com/game.php?id=779860"]
[Date "2010.5.23"]
[Round "1"]
[White "Fariajj"]
[Black "bigbem"]
[Result "1-0"]
[WhiteElo "1786"]
[BlackElo "1646"]

1. d4 d5 2. c4 dxc4 3. Nc3 a6 4. a4 Nc6 5. Nf3 Bg4 6. e4 Bxf3 7. gxf3 Nxd4 8.
Bxc4 e5 9. Be3 Bb4 10. O-O Qf6 11. Bxd4 exd4 12. Nd5 Qc6 13. Rc1 Bc5 14. Nf4 b5
15. Bd5 Qf6 16. Rxc5 Rc8 17. Bc6+ Kf8 18. Qd2 Ne7 19. Bb7 Re8 20. axb5 axb5 21.
e5 Qg5+ 22. Kh1 Ng6 23. Ne6+ Rxe6 24. Qxg5 f6 25. exf6 Rxf6 26. Rf5 Rxf5 27.
Qxf5+ Kg8 28. Bd5# 1-0

[Event "AUTO-ADV-1772"]
[Site "http://www.queenalice.com/game.php?id=779861"]
[Date "2010.5.23"]
[Round "1"]
[White "bigbem"]
[Black "Fariajj"]
[Result "0-1"]
[WhiteElo "1639"]
[BlackElo "1791"]

1. e4 c5 2. Bc4 Nc6 3. Qf3 Nf6 4. g4 Ne5 5. Qb3 Nxc4 6. Qxc4 Nxg4 7. f3 Ne5 8.
Qxc5 d6 9. Qc3 e6 10. d4 Qh4+ 11. Kd1 Nc6 12. d5 Ne5 13. Nd2 Be7 14. Nc4 Qf2 15.
Nxe5 dxe5 16. Be3 Qg2 17. dxe6 Bxe6 18. Ne2 Qxh1+ 19. Bg1 Rd8+ 20. Kc1 Bg5+ 21.
f4 Bxf4+ 22. Nxf4 Qxg1+ 23. Qe1 Qxe1# 0-1

[Event "AUTO-ADV-1772"]
[Site "http://www.queenalice.com/game.php?id=779874"]
[Date "2010.5.23"]
[Round "1"]
[White "rpalmero"]
[Black "bigbem"]
[Result "1-0"]
[WhiteElo "1932"]
[BlackElo "1661"]

1. e4 e5 2. Nf3 d6 3. Bc4 h6 4. Nc3 c6 5. d3 b5 6. Bb3 a5 7. a3 a4 8. Ba2 Na6 9.
Be3 Nf6 10. h3 Be7 11. g4 g5 12. Ne2 O-O 13. Ng3 d5 14. Nxe5 Qc7 15. Nf3 dxe4
16. Nxe4 Nxe4 17. dxe4 Bb7 18. h4 c5 19. hxg5 Bxg5 20. Bxg5 hxg5 21. Nxg5 Bxe4
22. Nxe4 Qe5 23. Qf3 Rae8 24. O-O-O Qxe4 25. Qf6 Qg6 26. Rh8# 1-0

[Event "AUTO-ADV-1772"]
[Site "http://www.queenalice.com/game.php?id=779875"]
[Date "2010.5.23"]
[Round "1"]
[White "bigbem"]
[Black "rpalmero"]
[Result "0-1"]
[WhiteElo "1644"]
[BlackElo "1919"]

1. e4 c5 2. c4 Nc6 3. d3 e5 4. Be3 d6 5. h3 Nf6 6. g4 h6 7. Be2 Be6 8. Nf3 Be7
9. Nc3 a6 10. O-O Rb8 11. a3 b5 12. cxb5 axb5 13. a4 bxa4 14. Nxa4 Bb3 15. Qc1
Qd7 16. Nd2 Nd4 17. Bxd4 cxd4 18. Bd1 Be6 19. b3 O-O 20. Nb2 Rfc8 21. Ndc4 Qb5
22. Ra5 Qxa5 23. Nxa5 Rxc1 24. Nbc4 Bxc4 25. dxc4 Nxe4 26. Nc6 Re8 27. Bf3 Rxf1+
28. Kxf1 Nd2+ 29. Kg2 Nxb3 30. Bd5 Nc5 31. Kf1 Bg5 32. Nb4 e4 33. Nc2 d3 34. Nd4
e3 35. Bf3 e2+ 36. Bxe2 dxe2+ 37. Nxe2 Re4 38. f3 Rxc4 39. Kf2 Rc2 40. Kf1 Nd3
41. Kg2 Rxe2+ 42. Kg3 Bf4+ 43. Kh4 Rh2 44. g5 hxg5+ 45. Kh5 Ne5 46. h4 Rxh4# 0-1

[Event "AUTO-ADV-1772"]
[Site "http://www.queenalice.com/game.php?id=779884"]
[Date "2010.5.23"]
[Round "1"]
[White "bigbem"]
[Black "THECRAZY"]
[Result "0-1"]
[WhiteElo "1596"]
[BlackElo "1738"]

1. e4 c5 2. c4 d6 3. f3 Nc6 4. Ne2 Nf6 5. d3 e5 6. Nbc3 Be7 7. Bg5 h6 8. Bxf6
Bxf6 9. Nd5 Qa5+ 10. Nec3 Bg5 11. h4 Bd8 12. Qa4 a6 13. Qxa5 Nxa5 14. g4 O-O 15.
O-O-O Nc6 16. Na4 Nd4 17. Rh3 b5 18. cxb5 axb5 19. Nac3 b4 20. Ne2 Rxa2 21. Nxd4
cxd4 22. Nxb4 Ra1+ 23. Kc2 Rxd1 24. Kxd1 h5 25. Rh1 hxg4 26. fxg4 Bxg4+ 27. Be2
Bd7 28. Nd5 Ba5 29. Ne7+ Kh7 30. Rf1 Rb8 31. Kc1 Bd8 32. Nf5 Bxf5 33. Rxf5 f6
34. h5 g6 35. Rxf6 Bxf6 36. hxg6+ Kxg6 37. Kc2 Kg5 38. b3 Kf4 39. Kb2 Ke3 40.
Bf1 Bh4 41. Ka3 Be1 42. Be2 Bc3 43. Bh5 Kxd3 44. Bg6 Kc2 45. Bf7 Ra8# 0-1

[Event "AUTO-ADV-1772"]
[Site "http://www.queenalice.com/game.php?id=779885"]
[Date "2010.5.23"]
[Round "1"]
[White "THECRAZY"]
[Black "bigbem"]
[Result "1-0"]
[WhiteElo "1710"]
[BlackElo "1604"]

1. d4 d5 2. c4 dxc4 3. e4 b5 4. Nc3 a6 5. a4 b4 6. Na2 b3 7. Nc3 e5 8. Bxc4 exd4
9. Qf3 f6 10. Nd5 Nc6 11. Bf4 Bd6 12. Qxb3 Na5 13. Qd3 c6 14. Bxd6 Qxd6 15. Qxd4
c5 16. Qc3 Nxc4 17. Qxc4 Ne7 18. Rd1 Nxd5 19. Rxd5 Qe6 20. Rxc5 Qxc4 21. Rxc4
O-O 22. Nf3 Bg4 23. Nd4 Rad8 24. f3 Bh5 25. Ne6 Rc8 26. Rxc8 Rxc8 27. O-O g5 28.
g4 Bf7 29. Nd4 Rc4 30. Nf5 Rxa4 31. Rc1 Rb4 32. Rc8+ Be8 33. Rxe8+ Kf7 34. Ra8
Ra4 35. Ra7+ Ke6 36. Rxh7 Ra1+ 37. Kf2 Ke5 38. Ke3 a5 39. Re7# 1-0

[Event "AUTO-ADV-1827"]
[Site "http://www.queenalice.com/game.php?id=801558"]
[Date "2010.7.10"]
[Round "1"]
[White "Marchesss"]
[Black "bigbem"]
[Result "1-0"]
[WhiteElo "1903"]
[BlackElo "1652"]

1. e4 e5 2. Nf3 d6 3. Bc4 Nh6 4. d4 f6 5. Bxh6 gxh6 6. dxe5 dxe5 7. Nc3 Qxd1+ 8.
Rxd1 Bb4 9. O-O Bxc3 10. bxc3 a6 11. Rd2 Bg4 12. Rfd1 Bxf3 13. gxf3 Nc6 14. Bd5
Na5 15. Be6 Nc6 16. Rd7 b5 17. Rxc7 Na5 18. Rdd7 Rf8 19. Re7+ Kd8 20. Rcd7+ Kc8
21. Rd6+ Kb8 22. Rb6+ Nb7 23. Rexb7# 1-0

[Event "AUTO-ADV-1827"]
[Site "http://www.queenalice.com/game.php?id=801559"]
[Date "2010.7.10"]
[Round "1"]
[White "bigbem"]
[Black "Marchesss"]
[Result "0-1"]
[WhiteElo "1614"]
[BlackElo "1885"]

1. e4 c5 2. Bc4 Nc6 3. c3 e6 4. Qf3 Nf6 5. Nh3 h6 6. d4 cxd4 7. cxd4 Nxd4 8. Qc3
e5 9. Be3 Nc6 10. f3 Bb4 11. Qxb4 Nxb4 12. a3 Nc2+ 13. Kd2 Nxa1 14. Nc3 d5 15.
exd5 Bxh3 16. gxh3 O-O 17. Rxa1 a6 18. Rf1 Qa5 19. f4 Ne4+ 20. Kd3 Nxc3 21. bxc3
b5 22. Ba2 Qxa3 23. Ra1 Rac8 24. Bd2 exf4 25. d6 Rfd8 26. Bxf7+ Kxf7 27. Rxa3
Rxd6+ 28. Ke2 Re8+ 29. Kd1 Red8 30. Ra2 f3 31. Ke1 Re8+ 32. Kf2 Re2+ 33. Kxf3
Rdxd2 34. Rxa6 Rxh2 35. Kg4 Rdg2+ 36. Kf5 Rxh3 37. Ra7+ Kg8 38. Ra8+ Kh7 39. Ke4
Rxc3 40. Kd4 b4 41. Rb8 Rg4+ 42. Kd5 b3 43. Ke5 h5 44. Ke6 Rg2 45. Kf7 b2 46.
Rb4 Rh2 47. Rxb2 Rxb2 48. Ke6 Rb5 49. Kf7 Rc6 50. Kf8 Rc7 51. Ke8 Rb8# 0-1

[Event "AUTO-ADV-1827"]
[Site "http://www.queenalice.com/game.php?id=801570"]
[Date "2010.7.10"]
[Round "1"]
[White "anandya"]
[Black "bigbem"]
[Result "1-0"]
[WhiteElo "1878"]
[BlackElo "1609"]

1. e4 e5 2. Bc4 Nh6 3. d3 g5 4. Qh5 Qf6 5. Bxg5 Qg6 6. Qh4 Rg8 7. Nf3 d6 8. Nc3
c6 9. h3 Nd7 10. Ne2 Bg7 11. Ng3 Rf8 12. Nh5 f6 13. Nxg7+ Qxg7 14. Bxh6 Qxg2 15.
O-O-O Qxf3 16. Bxf8 Nxf8 17. Rhg1 Bxh3 18. Rg8 d5 19. Qxh7 Be6 20. Rh8 dxc4 21.
Qxb7 Bg4 22. Qxa8+ Kd7 23. Rdh1 Ne6 24. R8h7+ Kd6 25. Qxa7 Nd4 26. Qe7# 1-0

[Event "AUTO-ADV-1827"]
[Site "http://www.queenalice.com/game.php?id=801571"]
[Date "2010.7.10"]
[Round "1"]
[White "bigbem"]
[Black "anandya"]
[Result "0-1"]
[WhiteElo "1578"]
[BlackElo "1887"]

1. e4 e5 2. Nf3 d6 3. h3 h6 4. Nc3 Nf6 5. Bd3 a6 6. O-O Nc6 7. a3 Be7 8. b4 b5
9. g4 g5 10. Bb2 Be6 11. Kh2 Qd7 12. Rg1 Nd4 13. Nxd4 c5 14. Nxe6 Qxe6 15. bxc5
dxc5 16. Qe2 c4 17. Bxc4 Qxc4 18. d3 Qc7 19. Nd5 Nxd5 20. exd5 f6 21. Qe4 Kf7
22. h4 gxh4 23. Rac1 Rag8 24. f3 Qc5 25. d4 Qc7 26. dxe5 Rg5 27. d6 Bxd6 28.
exd6 Qxd6+ 29. f4 Re8 30. Qh7+ Rg7 31. Qxh6 Re4 32. Rcf1 Re2+ 33. Rg2 Rxg2+ 34.
Kxg2 Rxg4+ 35. Kh3 Qe6 36. Qh5+ Rg6+ 37. f5 Qd7 38. Qh7+ Rg7 39. Qxh4 Qd6 40.
Rf4 Qe7 41. Rg4 Qe3+ 42. Rg3 Rxg3+ 43. Qxg3 Qh6+ 44. Kg2 Qd2+ 45. Kh3 Qh6+ 46.
Kg4 Qg5+ 47. Kf3 Qxf5+ 48. Qf4 Qd5+ 49. Kg3 Qe6 50. Qc7+ Kg6 51. Qf4 Kf7 52. Kh4
Qe1+ 53. Kh5 Qh1+ 54. Qh4 Qd1+ 55. Kh6 Qd2+ 56. Kh7 Qxc2+ 57. Kh6 Qg6# 0-1

[Event "AUTO-ADV-1827"]
[Site "http://www.queenalice.com/game.php?id=801576"]
[Date "2010.7.10"]
[Round "1"]
[White "adres1"]
[Black "bigbem"]
[Result "0-1"]
[WhiteElo "1813"]
[BlackElo "1629"]

1. g3 e5 2. Bg2 d5 3. d4 exd4 4. Qxd4 Nf6 5. Nc3 c6 6. Bg5 Be7 7. Nf3 h6 8. O-O
hxg5 9. Nxg5 c5 10. Qd1 d4 11. Nce4 Nxe4 12. Nxe4 Bh3 13. Bxh3 Qd5 14. Bg2 Qh5
15. Qd3 Qxh2# 0-1

[Event "AUTO-ADV-1827"]
[Site "http://www.queenalice.com/game.php?id=801577"]
[Date "2010.7.10"]
[Round "1"]
[White "bigbem"]
[Black "adres1"]
[Result "0-1"]
[WhiteElo "1636"]
[BlackElo "1737"]

1. e4 e5 2. Nf3 Nc6 3. Bb5 Nd4 4. Nxd4 exd4 5. d3 c6 6. Bc4 Qf6 7. h4 Bc5 8. Bg5
Qg6 9. e5 h6 10. Bd2 Ne7 11. Qf3 O-O 12. a4 d6 13. b4 Bb6 14. a5 Bc7 15. h5 Qh7
16. g4 d5 17. Bb3 Bxe5 18. Na3 f5 19. g5 hxg5 20. Bxg5 Bd6 21. b5 Be6 22. h6 g6
23. bxc6 bxc6 24. c4 f4 25. cxd5 Nxd5 26. Nc4 Bb4+ 27. Kf1 Rae8 28. Ne5 Rf5 29.
Bxd5 Bxd5 30. Qh3 Rfxe5 31. Bxf4 Re1+ 32. Rxe1 Rxe1# 0-1

[Event "QA-ANNIV-04"]
[Site "http://www.queenalice.com/game.php?id=808010"]
[Date "2010.7.24"]
[Round "9"]
[White "Viper3910"]
[Black "bigbem"]
[Result "1-0"]
[WhiteElo "1785"]
[BlackElo "1624"]

1. e4 e5 2. Nf3 d6 3. Bc4 h6 4. d4 exd4 5. Qxd4 c5 6. Qc3 Nc6 7. O-O Bg4 8. Rd1
a6 9. h3 Bxf3 10. Qxf3 f6 11. Bf4 Ne5 12. Bxe5 b5 13. Bxg8 Rxg8 14. Bh2 b4 15.
Qh5+ g6 16. Qd5 Rc8 17. Qxg8 g5 18. Qe6+ Be7 19. Rxd6 Qa5 20. Qxc8+ Kf7 21. Qe6+
Ke8 22. Qg8+ Bf8 23. Re6+ Kd7 24. Qf7+ Kc8 25. Qxf8+ Qd8 26. Qxc5+ Qc7 27. Bxc7
Kd7 28. Qc6+ Kc8 29. Bh2+ Kd8 30. Qc7# 1-0

[Event "AUTO-OPEN-2106"]
[Site "http://www.queenalice.com/game.php?id=834639"]
[Date "2010.9.18"]
[Round "1"]
[White "bigbem"]
[Black "gmvilela"]
[Result "0-1"]
[WhiteElo "1584"]
[BlackElo "2166"]

1. e4 c5 2. Bc4 e6 3. Qf3 Nc6 4. c3 Nge7 5. Ne2 d5 6. exd5 exd5 7. Bb5 a6 8. Ba4
b5 9. Bc2 Ng6 10. Bxg6 hxg6 11. Nf4 Ne7 12. d4 c4 13. b4 Bf5 14. Nd2 Qd7 15. g4
Bxg4 16. Qg2 Bf5 17. h3 Rd8 18. Nf3 Be4 19. Ke2 Nf5 20. Re1 Nh4 21. Qg3 Nxf3 22.
Rd1 Bd6 23. Qg4 Qe7 24. Be3 Rh4 25. Qg3 Bxf4 26. Bxf4 Kf8 27. a4 Kg8 28. axb5
Bf5+ 29. Be3 Rxh3 30. Qg2 Bd3+ 31. Rxd3 cxd3+ 32. Kxd3 Qe4+ 33. Ke2 Nxd4+ 34.
cxd4 Qxg2 35. Rxa6 Re8 36. Ra3 Rh1 37. Kd3 Rxe3+ 38. fxe3 Rd1+ 39. Kc3 Qd2+ 40.
Kb3 Rb1+ 41. Ka4 Qxb4# 0-1

[Event "AUTO-OPEN-2106"]
[Site "http://www.queenalice.com/game.php?id=834640"]
[Date "2010.9.18"]
[Round "1"]
[White "gmvilela"]
[Black "bigbem"]
[Result "1-0"]
[WhiteElo "2169"]
[BlackElo "1586"]

1. e4 e5 2. Nf3 d6 3. d4 Qf6 4. Bg5 Qg6 5. dxe5 dxe5 6. Bd3 f6 7. Be3 Qxg2 8.
Rg1 Qh3 9. Nbd2 g5 10. Rg3 Qh6 11. Qe2 Nc6 12. O-O-O b6 13. h4 Qh5 14. hxg5 fxg5
15. Rxg5 Qf7 16. Bb5 Bd7 17. Bxc6 Bxc6 18. Nxe5 Qf6 19. Qh5+ Ke7 20. Nxc6+ Qxc6
21. Re5+ Kd8 22. Nc4+ Kc8 23. Re8+ Kb7 24. Rxa8 Kxa8 25. Rd8+ Kb7 26. Ne5 Qxe4
27. Rxf8 Qg2 28. Qd1 Qg7 29. Qd5+ Ka6 30. Rf7 Qg1+ 31. Kd2 Nh6 32. Qc4+ Kb7 33.
Rxc7+ Kb8 34. Nd7+ Ka8 35. Qc6# 1-0

[Event "AUTO-OPEN-2106"]
[Site "http://www.queenalice.com/game.php?id=834641"]
[Date "2010.9.18"]
[Round "1"]
[White "bigbem"]
[Black "Jackzapo"]
[Result "0-1"]
[WhiteElo "1574"]
[BlackElo "1879"]

1. e4 c5 2. Bc4 Nc6 3. Nf3 e6 4. e5 Qc7 5. d4 cxd4 6. Nxd4 Qxe5+ 7. Ne2 d5 8.
Bb5 a6 9. Bxc6+ bxc6 10. O-O Nf6 11. Nd4 Bd6 12. g3 c5 13. Nf3 Qe4 14. Nc3 Qb4
15. a3 Qb7 16. Na4 O-O 17. Bg5 Ne4 18. Qd3 c4 19. Qd4 Nxg5 20. Nxg5 e5 21. Qh4
h6 22. Nf3 d4 23. Nd2 Be7 24. Qh5 Bg5 25. Nxc4 g6 26. Qe2 Bh3 27. f3 Bxf1 28.
Qxf1 Qc6 29. Nab6 Rab8 30. f4 exf4 31. gxf4 Bf6 32. Qg2 Rxb6 33. Nxb6 Qxb6 34.
Rd1 Qxb2 35. Rd3 Qc1+ 36. Qf1 Qxc2 37. f5 g5 38. Rh3 Kh7 39. Qf3 Rb8 40. Rxh6+
Kxh6 41. Qh3+ Kg7 42. a4 Rb1+ 43. Qf1 Rxf1+ 44. Kxf1 d3 0-1

[Event "AUTO-OPEN-2106"]
[Site "http://www.queenalice.com/game.php?id=834642"]
[Date "2010.9.18"]
[Round "1"]
[White "Jackzapo"]
[Black "bigbem"]
[Result "1-0"]
[WhiteElo "1881"]
[BlackElo "1582"]

1. d4 d5 2. c4 dxc4 3. Nc3 Nc6 4. e3 Nf6 5. Bxc4 e6 6. Nge2 a6 7. a3 b5 8. Bd3
Bd6 9. O-O O-O 10. b4 e5 11. dxe5 Bxe5 12. Qc2 g6 13. Rb1 Be6 14. Rd1 Qe7 15.
Ne4 Nxe4 16. Bxe4 Bd7 17. Bxc6 Bxc6 18. Qxc6 Rfd8 19. Rxd8+ Rxd8 20. f4 Rd1+ 21.
Kf2 Bf6 22. Qxa6 Qe4 23. Qxf6 Qxb1 24. Bb2 Rf1+ 25. Kg3 Qd3 26. Qg7# 1-0